Estadísticas para Quién dijo qué

Haz click aquí para intentar la prueba.

Estadísticas generales

  • Esta prueba ha sido intentada 112 veces
  • La puntuación promedio es 10 de 15

Estadísticas de respuestas

PreguntaRespuesta% Correcto
Padre, perdónales porque no saben lo que hacen (referido a sus ejecutores)Jesús de Nazareth
96%
Un pequeño paso para el hombre, pero un gran paso para la humanidadNeil Armstrom
94%
¿Tú también, Bruto, hijo mío?Julio César
89%
Eureka (tras un descubrimiento)Arquímedes
80%
Y sin embargo, se mueveGalileo Galilei
78%
Perdonen que no me levante (escrito en su lápida)Groucho Marx
75%
Solo sé que no sé nada.Sócrates
74%
Si no tienen pan, que coman pastelesMaria Antonieta
72%
Yo no envié mis barcos para luchar contra los elementos.Felipe II
66%
No preguntes qué puede hacer tu país por ti, sino qué puedes hacer tú por tu paísJ.F Kennedy
66%
Llora como una mujer lo que no supiste defender como un hombre.La madre de Boabdil a su hijo
61%
Mi reino por un caballo.Ricardo III
54%
Decíamos ayer... (al regresar a su aula tras un largo periodo de presidio)Fray Luis de León
44%
Las chicas buenas van al cielo, las malas... a todas partes.Mae West
44%
Más vale morir de pie que vivir de rodillasEmiliano Zapata
25%

Distribución de puntuación

Porcentaje por número respondido

Porcentaje de gente con cada puntuación

Historial de tus puntuaciones

No has intentado esta prueba.